| 000 | 01230nam a22002657a 4500 | ||
|---|---|---|---|
| 005 | 2011021407497.0 | ||
| 008 | 110214t xxu||||| |||| 00| 0 mar d | ||
| 010 | _aMAR-20589 | ||
| 020 |
_a9788184982039 _c240.00 |
||
| 035 | _aMR-13247 | ||
| 037 | _bDBAD / PUB | ||
| 040 |
_aDPL _bMR |
||
| 082 | _a823 | ||
| 100 |
_aसमीम अली _925957 |
||
| 245 |
_aबिलॉंगिंग / _bसमीम अली तथा हम्फ्रे प्राइस : सिंधु जेशी द्वारा अनुवादित |
||
| 246 |
_aBelonging _bSameen Ali and Humphrey |
||
| 260 |
_aपुणे _bमेहता पब्लिशिंग हाऊस _c2011 |
||
| 270 |
_a1941 सदाशिव पेठ,माडीवाले कॉलनी _bपुणे _e411030 |
||
| 300 |
_aसहा,257पृ. _c21 सेमी (अजिल्द) |
||
| 700 |
_aसमीम अली _925955 |
||
| 700 |
_aप्राईस,हम्फ्रे _925956 |
||
| 700 |
_aजोशी,सिंधु _925958 |
||
| 942 |
_2ddc _cMR _h823 _mसमीम |
||
| 999 |
_c50544 _d50544 |
||